| 000 | 01376naa a22003497a 4500 | ||
|---|---|---|---|
| 001 | BR8400123 | ||
| 003 | BR-BrBNA | ||
| 005 | 20240918175404.0 | ||
| 007 | ta | ||
| 008 | 230509b bl.||||| |||| 00| 0 por d | ||
| 040 |
_aBR-BrBNA _bpor _cBiblioteca Nacional de Agricultura |
||
| 041 | _a(Pt) | ||
| 072 |
_aF30 _b0150 |
||
| 090 | _aF30 BR8400123 | ||
| 100 | 1 | _aMorais, O.P. de | |
| 100 | 1 | _aSant'Ana, E.P. | |
| 100 | 1 | _aChatel, M. | |
| 100 | 1 | _aPrabhu, A.S. | |
| 100 | 1 | _aCastro, E. de M. de | |
| 111 | 1 |
_aSimposio sobre a Cultura do Arroz de Sequeiro _cJaboticabal, SP (Brazil) _d25 May 1983 |
|
| 245 | 1 | _aMelhoramento genetico voltado para a cultura do arroz de sequeiro [Oryza sativa] | |
| 246 | 1 | _a[Upland rice breeding [Oryza sativa]] | |
| 246 | 1 | _a[Symposium on Upland Rice Crop. Aspects related to productiveness] | |
| 260 | 3 |
_aJaboticabal, SP (Brasil): _c1983. |
|
| 500 | _aSimposio sobre a Cultura do Arroz de Sequeiro. Aspectos relacionados com a produtividade Jaboticabal, SP (Brasil): 1983. p. 63-89 (BR8400123-AM)F30 | ||
| 650 | _aARROZ SEQUEIRO | ||
| 650 | _aGENETICA VEGETAL | ||
| 650 | _aVARIEDADE RESISTENTE | ||
| 773 | 0 |
_tSimposio sobre a Cultura do Arroz de Sequeiro. Aspectos relacionados com a produtividade _wF30 BR8400123 _gJaboticabal, SP (Brasil), 1983. p. 63-89 |
|
| 909 |
_a202404 _bLucia _c55 _dLucia Elande |
||
| 942 |
_cAM _2AGRIS |
||
| 999 |
_c316459 _d316459 |
||